00476nam a22001457a 450000500170000000800410001702000280005804100130008608200130009910000410011224500690015326000570022230000260027965000250030520240118141011.0240118b |||||||| |||| 00| 0 eng d a0409003301 ; 0409003549 aEnglish  a349 JOU  aJoubert, WA and Scott, TJ lEnglish  aThe Law of South Africa : Insurance / cWA Joubert and TJ Scott  aDurban : bButterworth and Company (Pty) Ltd, c1988 b477 pages ; c26 cm.  aLegal practice bLaw